000 01065nam a2200313Ia 4500
003 OSt
005 20221007123046.0
006 a|||||r|||| 00| 0
007 ta
008 221006b |||||||| |||| 00| 0 eng d
020 _a9781107148055 (hbk)
024 _a199228
037 _b4665, 02/02/2018, Ashutosh Technical Books
_cTextual
040 _aPAPL
_cPAPL
_beng
041 _2eng
_aeng
082 _aCN1:(B), Q6 Carpa
100 _aFranz Uwe
_9716211
245 0 _aNoncommutative mathematics for quantum systems
_b Skalski Adam
260 _aDelhi
_bCambridge University Press
_c2016
300 _axviii,180p. ill.
_ccm.
490 _aCambridge - IISc series
500 _aReferences 173-175p; Index 177-180p.
650 _a Independence and levy processes
_9716212
650 _a Quantum dynamical systems
_9716213
650 _aPhysics
700 _a Skalski Adam
_9716214
942 _hCN1:(B), Q6 Carpa
_cTEXL
_2CC
999 _c1211304
_d1211304